| 000 -LEADER |
| fixed length control field |
00967cam a2200241 i 4500 |
| 005 - DATE AND TIME OF LATEST TRANSACTION |
| control field |
20131114050652.0 |
| 008 - FIXED-LENGTH DATA ELEMENTS--GENERAL INFORMATION |
| fixed length control field |
801204s1979 gw 001 0 ger |
| 020 ## - INTERNATIONAL STANDARD BOOK NUMBER |
| International Standard Book Number |
3423050144 : |
| 041 0# - LANGUAGE CODE |
| Language code of text/sound track or separate title |
ger |
| 080 ## - UNIVERSAL DECIMAL CLASSIFICATION NUMBER |
| Universal Decimal Classification number |
339.92 |
| Common auxiliary subdivision |
(094) |
| 100 1# - Rafti |
| Rafti |
Steindorff, Ernst, |
| 100 1# - Rafti |
| -- |
comp. |
| 245 10 - TITLE STATEMENT |
| Title |
Europa-Recht : |
| Statement of responsibility, etc |
mit ausführl. Sachverz. u.e. Einf. von Ernst Steindorff. |
| 250 ## - |
| -- |
4., neubearb. Aufl., Stand, 1. Januar 1979. |
| 260 ## - |
| -- |
[München] : |
| -- |
Deutscher Taschenbuch Verlag, |
| -- |
1979. |
| 300 ## - |
| -- |
392 p. ; |
| -- |
18 cm. |
| 490 0# - |
| -- |
Beck-Texte |
| 500 ## - |
| -- |
Einführung : f. IX-XXVIII |
| 500 ## - |
| -- |
Contains Verträge und Erklärungen zur Gründung der Europäischen Gemeinschaften, Abkommen über gemeinsame Organe, Satzung des Europarates, Menschenrechtskonvention, Europawahl-Gesetz. |
| 500 ## - |
| -- |
Includes index. |
| 650 #0 - |
| -- |
Ligji |
| -- |
Vendet e Komunitetit ekonomik Evropian. |
| 650 #0 - |
| -- |
Marrëdhëniet ekonomike ndërkombëtare |
| 942 ## - ADDED ENTRY ELEMENTS (KOHA) |
| Source of classification or shelving scheme |
|
| Item type |
Books |